000 00463nam a2200145 a 4500
001 000044747
005 20201002045609.0
008 150108s2011 dr 000 0 spa d
040 _aDO-SdBNP
_bspa
_cBNPHU
082 _axxxxxx
_bxxxxxx
100 1 _aCastillo Semán, Pelegrín
_971594
245 1 3 _aLa revolución del proyecto nacional :
_bruta de la esperanza /
_cPelegrín Castillo Semán.
260 _aSanto Domingo :
_bs. n.,
_c2011.
300 _a24 p. ;
_c23 cm.
999 _c44236
_d44236